OECD: Slováci sú najdlhšie nezamestnaní

Slovensko má najvyššiu mieru dlhodobej nezamestnanosti spomedzi 30 členských štátov OECD ( Organizácia pre hospodársku spoluprácu a rozvoj). Dlhodobá nezamestnanosť v niektorých štátoch OECD v percentách. Príčiny dlhodobej nezamestnanosti.

Gespeichert in:
Bibliographische Detailangaben
1. Verfasser: Jančík, Ľuboš
Format: Buchkapitel
Sprache:Slowakisch
Schlagworte:
Tags: Tag hinzufügen
Keine Tags, Fügen Sie das erste Tag hinzu!

MARC

LEADER 00000naa$a2200000$$$4500
001 0016100
005 20231004124226.6
041 0 |a slo 
044 |a SK 
245 1 0 |a OECD: Slováci sú najdlhšie nezamestnaní  |c aut. Ľuboš Jančík 
520 |a Slovensko má najvyššiu mieru dlhodobej nezamestnanosti spomedzi 30 členských štátov OECD ( Organizácia pre hospodársku spoluprácu a rozvoj). Dlhodobá nezamestnanosť v niektorých štátoch OECD v percentách. Príčiny dlhodobej nezamestnanosti. 
610 2 0 |a nezamestnanosť dlhodobá 
610 2 0 |a kvalifikácia 
610 2 0 |a miesta pracovné 
610 2 0 |a Slovensko 
610 2 0 |a Taliansko 
610 2 0 |a Grécko 
100 1 |a Jančík, Ľuboš